[Event "Chess House"]
[Site "Aarhus"]
[Date "2014.02.23"]
[Round "7"]
[White "Pedersen, Nicolai Vesterbaek"]
[Black "Maksimenko, Andrei"]
[Result "1/2-1/2"]
[WhiteElo "2390"]
[BlackElo "2548"]
[PlyCount "83"]
[EventDate "2014.02.17"]
[EventType "tourn"]
[EventRounds "9"]
[EventCountry "DEN"]
[EventCategory "9"]
[SourceTitle "CBM 158 Extra"]
[Source "ChessBase"]
[SourceDate "2014.02.28"]

1. b3 Nf6 2. Bb2 c5 3. e3 g6 4. Bxf6 exf6 5. c4 d5 6. cxd5 Qxd5 7. Nc3 Qd8 8.
Qf3 Nc6 9. Bb5 Bd7 10. Qe4+ Qe7 11. Nd5 Qxe4 12. Nxf6+ Ke7 13. Nxe4 a6 14. Bxc6
Bxc6 15. f3 Bg7 16. Rc1 b6 17. Ne2 Rhd8 18. d4 Rac8 19. dxc5 Bxe4 20. fxe4 Rxc5
21. Rxc5 bxc5 22. Nf4 Bc3+ 23. Ke2 Rd2+ 24. Kf3 Be5 25. Nd5+ Kd6 26. a3 h5 27.
Nb6 Rd3 28. Nc4+ Ke6 29. Nxe5 Kxe5 30. Rc1 Kd6 31. b4 cxb4 32. axb4 Rb3 33. Ra1
Rxb4 34. Rxa6+ Ke5 35. Ra7 Ke6 36. h3 Rb1 37. Ra6+ Ke5 38. Ra5+ Ke6 39. Ra6+
Ke5 40. Ra5+ Ke6 41. Ra6+ Ke5 42. Ra5+ 1/2-1/2

[Event "Chess House"]
[Site "Aarhus"]
[Date "2014.02.19"]
[Round "3"]
[White "Pedersen, Nicolai Vesterbaek"]
[Black "Trent, Lawrence"]
[Result "1-0"]
[WhiteElo "2390"]
[BlackElo "2424"]
[PlyCount "57"]
[EventDate "2014.02.17"]
[EventType "tourn"]
[EventRounds "9"]
[EventCountry "DEN"]
[EventCategory "9"]
[SourceTitle "CBM 158 Extra"]
[Source "ChessBase"]
[SourceDate "2014.02.28"]

1. b3 e5 2. Bb2 Nc6 3. e3 Nf6 4. Nf3 e4 5. Nd4 d5 6. Nxc6 bxc6 7. d3 exd3 8.
Bxd3 Bb4+ 9. c3 Bd6 10. Nd2 O-O 11. c4 Ng4 12. Qc2 Qh4 13. Nf3 Bb4+ 14. Kf1 Qh6
15. c5 Rb8 16. a3 Bxc5 17. Qxc5 Rxb3 18. Qc2 Rxd3 19. Qxd3 c5 20. Qxd5 Qa6+ 21.
Kg1 Be6 22. Qd2 Rb8 23. Rd1 f6 24. e4 Qb7 25. h3 Nh6 26. Bxf6 Qxe4 27. Qd8+
Rxd8 28. Rxd8+ Kf7 29. Ng5+ 1-0

[Event "Chess House"]
[Site "Aarhus"]
[Date "2014.02.17"]
[Round "1"]
[White "Pedersen, Nicolai Vesterbaek"]
[Black "Palo, Davor"]
[Result "1/2-1/2"]
[WhiteElo "2390"]
[BlackElo "2550"]
[PlyCount "40"]
[EventDate "2014.02.17"]
[EventType "tourn"]
[EventRounds "9"]
[EventCountry "DEN"]
[EventCategory "9"]
[SourceTitle "CBM 158 Extra"]
[Source "ChessBase"]
[SourceDate "2014.02.28"]

1. d4 Nf6 2. c4 e6 3. Nc3 Bb4 4. Qc2 d5 5. a3 Bxc3+ 6. Qxc3 dxc4 7. Qxc4 b6 8.
Nf3 O-O 9. Bg5 Ba6 10. Qa4 c5 11. dxc5 bxc5 12. g3 Qb6 13. Bxf6 gxf6 14. Bg2
Nc6 15. O-O Bxe2 16. Qg4+ Kh8 17. Qh4 Kg7 18. Qg4+ Kh8 19. Qh4 Kg7 20. Qg4+ Kh8
1/2-1/2

[Event "Chess House"]
[Site "Aarhus"]
[Date "2014.02.21"]
[Round "5"]
[White "Pedersen, Nicolai Vesterbaek"]
[Black "Andersen, Mads"]
[Result "0-1"]
[WhiteElo "2390"]
[BlackElo "2504"]
[PlyCount "84"]
[EventDate "2014.02.17"]
[EventType "tourn"]
[EventRounds "9"]
[EventCountry "DEN"]
[EventCategory "9"]
[SourceTitle "CBM 158 Extra"]
[Source "ChessBase"]
[SourceDate "2014.02.28"]

1. Nf3 d5 2. g3 Nf6 3. Bg2 c6 4. O-O Bg4 5. d3 Nbd7 6. c4 e6 7. cxd5 exd5 8.
Qc2 Be7 9. Nc3 Bxf3 10. Bxf3 d4 11. Ne4 O-O 12. Nxf6+ Nxf6 13. Qc4 a5 14. Bf4
Qb6 15. Be5 Rfd8 16. Rab1 Ne8 17. Kh1 Qb4 18. Rfc1 Qb6 19. Qa4 Qb4 20. Qd1 Qb5
21. Bf4 Qf5 22. Qe1 h5 23. Bd2 h4 24. Kg2 Nd6 25. a3 g6 26. Rc2 hxg3 27. hxg3
Kg7 28. g4 Qe5 29. Rbc1 Rh8 30. Qg1 Nb5 31. Rc4 Rh7 32. a4 Nc7 33. Rxd4 Bf6 34.
Bc3 Rah8 35. Rd7 Qf4 36. Bxf6+ Qxf6 37. e3 Rh2+ 38. Qxh2 Rxh2+ 39. Kxh2 Qxf3
40. Rxc7 Qxf2+ 41. Kh1 Qf3+ 42. Kh2 Qxe3 0-1

[Event "Chess House"]
[Site "Aarhus"]
[Date "2014.02.23"]
[Round "7"]
[White "Skytte, Rasmus"]
[Black "Trent, Lawrence"]
[Result "0-1"]
[WhiteElo "2416"]
[BlackElo "2424"]
[PlyCount "112"]
[EventDate "2014.02.17"]
[EventType "tourn"]
[EventRounds "9"]
[EventCountry "DEN"]
[EventCategory "9"]
[SourceTitle "CBM 158 Extra"]
[Source "ChessBase"]
[SourceDate "2014.02.28"]

1. d4 Nf6 2. c4 c5 3. d5 g6 4. Nc3 Bg7 5. e4 O-O 6. Nf3 e6 7. Be2 d6 8. O-O
exd5 9. exd5 a6 10. h3 Re8 11. Bd3 Nbd7 12. Bg5 h6 13. Be3 Rxe3 14. fxe3 Qe7
15. Qd2 Nh5 16. Ne2 Ne5 17. Nxe5 Qxe5 18. Nf4 Ng3 19. Rf3 Nf5 20. Raf1 Nh4 21.
R3f2 Nf5 22. Bxf5 Bxf5 23. Nh5 Bh8 24. e4 Bxe4 25. Nf6+ Bxf6 26. Rxf6 Bf5 27.
Qc3 Qxc3 28. bxc3 Rd8 29. g4 Kg7 30. Rxf7+ Kxf7 31. gxf5 g5 32. Re1 Kf6 33.
Re6+ Kxf5 34. Rxh6 Ke4 35. Rg6 Kd3 36. Rxg5 Kxc3 37. h4 Kxc4 38. h5 Rh8 39. Kf1
b5 40. Ke1 Kd4 41. Kd2 c4 42. Rg4+ Kxd5 43. Rh4 Rh6 44. Ke3 Ke5 45. Re4+ Kd5
46. Rh4 b4 47. Kf4 c3 48. Ke3 Kc5 49. Kd3 d5 50. a3 a5 51. axb4+ axb4 52. Kc2
d4 53. Kb3 Ra6 54. h6 Ra3+ 55. Kc2 b3+ 56. Kd3 b2 0-1

[Event "Chess House"]
[Site "Aarhus"]
[Date "2014.02.18"]
[Round "2"]
[White "Skytte, Rasmus"]
[Black "Pedersen, Nicolai Vesterbaek"]
[Result "1-0"]
[WhiteElo "2416"]
[BlackElo "2390"]
[PlyCount "57"]
[EventDate "2014.02.17"]
[EventType "tourn"]
[EventRounds "9"]
[EventCountry "DEN"]
[EventCategory "9"]
[SourceTitle "CBM 158 Extra"]
[Source "ChessBase"]
[SourceDate "2014.02.28"]

1. d4 Nf6 2. Nf3 e6 3. c4 d5 4. Nc3 Be7 5. Bf4 O-O 6. a3 c6 7. e3 b6 8. cxd5
exd5 9. Qc2 Nh5 10. Be5 g6 11. Bd3 Be6 12. h3 Nd7 13. Bh2 a6 14. O-O Re8 15. e4
dxe4 16. Bxe4 Rc8 17. Qa4 b5 18. Qxa6 Qb6 19. Qxb6 Nxb6 20. Ne5 Bd5 21. Bxd5
Nxd5 22. Nxc6 Nxc3 23. Nxe7+ Rxe7 24. bxc3 Rxc3 25. Rfc1 Rxc1+ 26. Rxc1 Rd7 27.
g4 Nf6 28. Rc8+ Kg7 29. Be5 1-0

[Event "Chess House"]
[Site "Aarhus"]
[Date "2014.02.26"]
[Round "9"]
[White "Skytte, Rasmus"]
[Black "Andersen, Mads"]
[Result "1/2-1/2"]
[WhiteElo "2416"]
[BlackElo "2504"]
[PlyCount "192"]
[EventDate "2014.02.17"]
[EventType "tourn"]
[EventRounds "9"]
[EventCountry "DEN"]
[EventCategory "9"]
[SourceTitle "CBM 158 Extra"]
[Source "ChessBase"]
[SourceDate "2014.02.28"]

1. d4 d5 2. c4 c6 3. Nc3 Nf6 4. Nf3 e6 5. Bg5 h6 6. Bxf6 Qxf6 7. g3 Nd7 8. Bg2
dxc4 9. O-O Bd6 10. Nd2 Nb6 11. a4 a5 12. e3 O-O 13. f4 Qe7 14. Qe2 Bc7 15.
Nce4 f5 16. Nc5 Bd6 17. Nxc4 Bxc5 18. dxc5 Qxc5 19. Ne5 Nd7 20. Rfc1 Qb6 21.
Nc4 Qc7 22. e4 fxe4 23. Qxe4 Nf6 24. Qe2 Bd7 25. Rd1 Kh8 26. Rac1 Be8 27. Qxe6
Bf7 28. Qe5 Qxe5 29. fxe5 Ng4 30. Re1 Be6 31. Nd6 Rab8 32. Re2 h5 33. Rc5 Nh6
34. Rxa5 Nf7 35. Ra7 Nd8 36. b4 g5 37. b5 cxb5 38. axb5 b6 39. Rc2 Bb3 40. Rc3
Bg8 41. Rcc7 Ne6 42. Re7 g4 43. h3 Nd4 44. hxg4 hxg4 45. Rg7 Nf3+ 46. Bxf3 gxf3
47. Kf2 Ra8 48. Rxa8 Rxa8 49. Re7 Bd5 50. Re8+ Kg7 51. Rxa8 Bxa8 52. Nc4 Be4
53. Nxb6 Bd3 54. Kxf3 Bxb5 55. Kf4 Kf7 56. Nd5 Bc4 57. Ne3 Bd3 58. g4 Ke6 59.
Nd1 Bc2 60. Nf2 Kd5 61. g5 Bg6 62. Ng4 Ke6 63. Nf6 Bf7 64. Nh7 Bh5 65. Nf6 Bf7
66. Ne4 Bg6 67. Nc5+ Ke7 68. Ke3 Bc2 69. Kd4 Kf7 70. e6+ Kg6 71. Ne4 Kf5 72. e7
Ba4 73. Nc3 Be8 74. Kd5 Kxg5 75. Ke6 Kg6 76. Ne4 Kg7 77. Nd6 Ba4 78. Nf5+ Kg6
79. Ne3 Kg7 80. Nc4 Bb5 81. Ne5 Be8 82. Nd7 Bf7+ 83. Kd6 Be8 84. Kc7 Bf7 85.
Kd8 Bh5 86. Nc5 Kf6 87. Ne4+ Kg7 88. Ng3 Bg6 89. Nf5+ Kf6 90. Nd6 Kg7 91. Kd7
Kf6 92. Ne4+ Kg7 93. Ng5 Kf6 94. Nh7+ Kg7 95. Nf8 Bh5 96. Kd8 Bf7 1/2-1/2

[Event "Chess House"]
[Site "Aarhus"]
[Date "2014.02.20"]
[Round "4"]
[White "Skytte, Rasmus"]
[Black "Eggleston, David"]
[Result "1-0"]
[WhiteElo "2416"]
[BlackElo "2423"]
[PlyCount "115"]
[EventDate "2014.02.17"]
[EventType "tourn"]
[EventRounds "9"]
[EventCountry "DEN"]
[EventCategory "9"]
[SourceTitle "CBM 158 Extra"]
[Source "ChessBase"]
[SourceDate "2014.02.28"]

1. d4 Nf6 2. c4 e6 3. Nf3 b6 4. a3 Bb7 5. Nc3 g6 6. Qd3 d5 7. cxd5 exd5 8. Bf4
Be7 9. h4 a6 10. e3 Nbd7 11. Be2 c5 12. Ne5 Ne4 13. h5 g5 14. Bh2 Ndf6 15. O-O
Qc8 16. Nxe4 dxe4 17. Qb3 Qe6 18. Qxe6 fxe6 19. dxc5 bxc5 20. Rfd1 Bd5 21. Nc4
Ra7 22. Rac1 O-O 23. Be5 Rb7 24. Na5 Rd7 25. Bc3 Ra8 26. Nc4 Rb7 27. Rd2 Kg7
28. Ne5 Kg8 29. Ng4 Nxg4 30. Bxg4 Rb6 31. Rcd1 Bb3 32. Rc1 Bd5 33. Be2 Bf8 34.
Ba5 Rb3 35. Bc4 Bxc4 36. Rxc4 Rab8 37. Bc3 R8b7 38. Rxe4 Kf7 39. Rd8 R3b6 40.
Rc4 h6 41. g4 Rd6 42. Ra8 Rb3 43. Ra7+ Kg8 44. Kg2 Rc6 45. f4 Rb8 46. Ra4 Rbb6
47. Kf3 Rd6 48. Be5 Rdc6 49. f5 exf5 50. gxf5 c4 51. e4 Rb3+ 52. Bc3 Rd6 53.
R4xa6 Rxa6 54. Rxa6 Bc5 55. Kg4 Bf8 56. e5 Rb5 57. f6 Kf7 58. Kf5 1-0

[Event "Chess House"]
[Site "Aarhus"]
[Date "2014.02.20"]
[Round "4"]
[White "Trent, Lawrence"]
[Black "Brynell, Stellan"]
[Result "1-0"]
[WhiteElo "2424"]
[BlackElo "2470"]
[PlyCount "85"]
[EventDate "2014.02.17"]
[EventType "tourn"]
[EventRounds "9"]
[EventCountry "DEN"]
[EventCategory "9"]
[SourceTitle "CBM 158 Extra"]
[Source "ChessBase"]
[SourceDate "2014.02.28"]

1. e4 e6 2. d4 d5 3. Nd2 Nf6 4. e5 Nfd7 5. f4 c5 6. Ngf3 Nc6 7. Nb3 c4 8. Nbd2
b5 9. Be2 Nb6 10. Nf1 Be7 11. g4 Kd7 12. Ng3 Kc7 13. O-O Bd7 14. b3 a6 15. Rf2
Kb7 16. a4 Qc7 17. bxc4 bxc4 18. a5 Nc8 19. Bxc4 dxc4 20. d5 Rb8 21. d6 Nxd6
22. Rd2 Ka8 23. Ba3 Qa7+ 24. Kg2 Nb4 25. exd6 Bf6 26. Rb1 Nd5 27. Rxb8+ Rxb8
28. Rxd5 exd5 29. g5 Bc3 30. Qxd5+ Qb7 31. Qxb7+ Rxb7 32. Ne4 Bxa5 33. Ne5 Be6
34. Nc5 Bd5+ 35. Kg3 Rb1 36. d7 Ka7 37. Na4 f6 38. Bc5+ Kb7 39. Nb6 Be1+ 40.
Bf2 Bxf2+ 41. Kxf2 Kc7 42. Nxd5+ Kd8 43. gxf6 1-0

[Event "Chess House"]
[Site "Aarhus"]
[Date "2014.02.22"]
[Round "6"]
[White "Trent, Lawrence"]
[Black "Palo, Davor"]
[Result "1/2-1/2"]
[WhiteElo "2424"]
[BlackElo "2550"]
[PlyCount "124"]
[EventDate "2014.02.17"]
[EventType "tourn"]
[EventRounds "9"]
[EventCountry "DEN"]
[EventCategory "9"]
[SourceTitle "CBM 158 Extra"]
[Source "ChessBase"]
[SourceDate "2014.02.28"]

1. b3 e5 2. Bb2 Nc6 3. e3 Nf6 4. Bb5 Bd6 5. Na3 a6 6. Bxc6 dxc6 7. Nc4 Qe7 8.
Nf3 e4 9. Nd4 Bg4 10. Nxd6+ Qxd6 11. f3 exf3 12. Nxf3 O-O-O 13. Qe2 Rhe8 14.
O-O-O Nd5 15. h3 Bd7 16. Qd3 Qc5 17. Qd4 Qxd4 18. Bxd4 f6 19. g4 h6 20. Rhg1 b6
21. Bb2 c5 22. Nh4 Be6 23. Rdf1 Nb4 24. a3 Nc6 25. Nf5 Rd7 26. h4 Bxf5 27. Rxf5
Ne7 28. Rf3 Ng6 29. Rh3 Rh8 30. Rgh1 Rf7 31. Kd1 Nf8 32. Rf1 Kd7 33. Rg3 Ke7
34. Rgf3 Ne6 35. Ke1 Rd8 36. Rf5 Rff8 37. R1f2 Rfe8 38. Kf1 Kd7 39. Kg2 Kc6 40.
Kg3 c4 41. b4 a5 42. Bc3 axb4 43. axb4 Kb7 44. Rf1 c6 45. Rb1 Nc7 46. g5 hxg5
47. hxg5 Nb5 48. gxf6 Nxc3 49. dxc3 gxf6 50. Kf3 Re6 51. Rh5 Rd7 52. Rbh1 Rde7
53. Re1 Rd6 54. Reh1 Rd2 55. R1h2 Rd1 56. Rh7 Rxh7 57. Rxh7+ Ka6 58. Rh2 Kb5
59. Ke2 Rc1 60. Kd2 Rf1 61. Ke2 Rc1 62. Kd2 Rf1 1/2-1/2

[Event "Chess House"]
[Site "Aarhus"]
[Date "2014.02.18"]
[Round "2"]
[White "Trent, Lawrence"]
[Black "Fries Nielsen, Jens Ove"]
[Result "1-0"]
[WhiteElo "2424"]
[BlackElo "2416"]
[PlyCount "113"]
[EventDate "2014.02.17"]
[EventType "tourn"]
[EventRounds "9"]
[EventCountry "DEN"]
[EventCategory "9"]
[SourceTitle "CBM 158 Extra"]
[Source "ChessBase"]
[SourceDate "2014.02.28"]

1. e4 d6 2. d4 Nf6 3. Nc3 a6 4. Bg5 h6 5. Bh4 e6 6. f4 Be7 7. Qf3 Nc6 8. O-O-O
d5 9. Bxf6 Bxf6 10. exd5 exd5 11. Nxd5 Bxd4 12. Bc4 O-O 13. Ne2 Bc5 14. Nb6
Bxb6 15. Rxd8 Rxd8 16. Qh5 Be6 17. Bxe6 fxe6 18. Qf3 Rd6 19. Rd1 Rad8 20. Rxd6
Rxd6 21. Qe4 Ne7 22. a3 Nd5 23. Kb1 c6 24. Ka2 a5 25. g3 Bc5 26. Nc1 b5 27. Nd3
Nf6 28. Qe5 Nd7 29. Qh5 Bd4 30. Qe8+ Nf8 31. g4 Bf6 32. Nc5 Bd4 33. Ne4 Rd7 34.
c3 Bb6 35. g5 Rf7 36. Qxc6 Rxf4 37. Ng3 Bd8 38. gxh6 gxh6 39. Qxb5 a4 40. Ne2
Rh4 41. Nd4 Bf6 42. Qb8 Kf7 43. Qc7+ Kg6 44. Qg3+ Kf7 45. Qc7+ Kg6 46. Nf3 Re4
47. Qc6 Rf4 48. b4 axb3+ 49. Kxb3 Kf5 50. a4 Ng6 51. Qc5+ Kg4 52. Qg1+ Kf5 53.
Qb1+ Kg4 54. Qxg6+ Kxf3 55. a5 e5 56. a6 Bg5 57. a7 1-0